000 00295nam a2200145Ia 4500
100 _aBerkun/Scott
942 _cBK
366 _f20
245 _aConfessions of a Public Speaker
260 _bOreilly
_c2009
082 _a808.3
_bBER
300 _a222
546 _aENGLISH
_cTTL
999 _c23849
_d23849